000 00233nam a22000977a 4500
100 _aKhanna,Laxmi
_979773
245 _aTiny Tots in Forest
260 _aBijonor
_bTulika Prakashan
_c2015
650 _aChildren Book
_979774
942 _cBK
999 _c63369
_d63369